Страдания юного Вертера. Фауст: пер. с нем.; роман, трагедия

Détails bibliographiques
Auteur principal: Гёте И. В. Иоганн Вольфганг фон
Résumé:Великий поэт Германии, выдающийся мыслитель и ученый Иоганн Вольфганг Гете (1749—1832), принадлежит к тем личностям, которыми восхищается весь мир. Его роман «Страдания юного Вертера», вызвавший при своем появлении страстный отклик в сердцах современников, является одним из замечательнейших романов о любви, в котором Гете точно и проникновенно воссоздал психологию страсти, своеобразие женского и мужского чувства. Герой трагедии «Фауст» — личность историческая, он жил в XVI веке, слыл магом и чернокнижником и, отвергнув современную науку и религию, продал душу дьяволу. О докторе Фаусте ходили легенды, он был персонажем театральных представлений, к его образу обращались в своих книгах многие авторы. Но под пером Гете драма о Фаусте, посвященная вечной теме познания жизни, стала вершиной мировой литературы.
Langue:russe
Publié: Москва, Эксмо, 2006
Collection:Зарубежная классика
Sujets:
Format: MixedMaterials Livre
KOHA link:https://koha.lib.tpu.ru/cgi-bin/koha/opac-detail.pl?biblionumber=111879

MARC

LEADER 00000nam0a2200000 4500
001 111879
005 20231101215026.0
010 |a 5699173021 
035 |a (RuTPU)RU\TPU\book\120838 
090 |a 111879 
100 |a 20070321d2006 m y0rusy50 ca 
101 1 |a rus  |c ger 
102 |a RU 
105 |a a z 000ay 
200 1 |a Страдания юного Вертера. Фауст  |e пер. с нем.  |e роман, трагедия  |f И.-В. Гете 
210 |a Москва  |c Эксмо  |d 2006 
215 |a 640 с.  |c ил. 
225 1 |a Зарубежная классика 
330 |a Великий поэт Германии, выдающийся мыслитель и ученый Иоганн Вольфганг Гете (1749—1832), принадлежит к тем личностям, которыми восхищается весь мир. Его роман «Страдания юного Вертера», вызвавший при своем появлении страстный отклик в сердцах современников, является одним из замечательнейших романов о любви, в котором Гете точно и проникновенно воссоздал психологию страсти, своеобразие женского и мужского чувства. Герой трагедии «Фауст» — личность историческая, он жил в XVI веке, слыл магом и чернокнижником и, отвергнув современную науку и религию, продал душу дьяволу. О докторе Фаусте ходили легенды, он был персонажем театральных представлений, к его образу обращались в своих книгах многие авторы. Но под пером Гете драма о Фаусте, посвященная вечной теме познания жизни, стала вершиной мировой литературы. 
610 1 |a немецкая литература 
610 1 |a романы 
610 1 |a драматургия 
610 1 |a трагедии 
675 |a 83  |v 3 
700 1 |a Гёте  |b И. В.  |c немецкий писатель  |f 1749-1832  |g Иоганн Вольфганг фон  |2 stltpush  |3 (RuTPU)RU\TPU\pers\1452  |9 641 
801 1 |a RU  |b 63413507  |c 20070321  |g PSBO 
801 2 |a RU  |b 63413507  |c 20221206  |g PSBO 
942 |c BK